Statistieken voor Nederland Trivia Quiz

Klik hier om de quiz te nemen!

Algemene statistieken

  • Deze quiz is 2.874 keer genomen
  • De gemiddelde score is 21 van 27

Antwoordstatistieken

HintAntwoord% Correct
Meest bevolkte stedenAmsterdam
99%
Aangrenzende landenBelgië
99%
Aangrenzende landenDuitsland
99%
Meest bevolkte stedenRotterdam
98%
Houten schoenKlomp
94%
Huidige koningWillem-Alexander
94%
Sport van Max VerstappenFormule 1
92%
Taal dat zeer prominent is in een noordelijke provincieFries
91%
Meest bevolkte stedenDen Haag
91%
Naam voor het erfgenaam van de kroonPrins van {Oranje}
90%
Internationaal bierbedrijfHeineken
89%
Voormalige munteenheidGulden
88%
Bloem waarvan de prijzen in de 17e eeuw een
"waanzin" veroorzaakten
Tulp
87%
Land dat ooit
Nederlands-Indië heette
Indonesië
87%
Schilder van "De NachtwachtRembrandt
84%
Schilder van "De Sterrennacht"Vincent Van Gogh
83%
Grootste bankING
83%
Eilanden van de Nederlandse CaraïbenCuraçao
79%
Internationaal oliebedrijfShell
78%
Eilanden van de Nederlandse CaraïbenAruba
77%
Eilanden van de Nederlandse CaraïbenBonaire
71%
Eilanden van de Nederlandse CaraïbenSint Maarten
67%
Naam voor het verdedegingsysteem waar het bovenstaande deel van uitmaaktDeltawerken
41%
Eilanden van de Nederlandse CaraïbenSaba
38%
Eilanden van de Nederlandse CaraïbenSint Eustatius
33%
Bekend werkeiland dat een onderdeel is van de OosterscheldekeringNeeltje Jans
28%
Wetenschapper die als eerste
eencellige organismen zag
Antoni van
Leeuwenhoek
27%

Scoreverdeling

Percentiel versus Aantal Correcte Antwoorden

Procent van Mensen met Elke Score

Uw Scoregeschiedenis

U heeft deze quiz nog niet genomen